Loading...
| Fine Arts - Classical Music | 0 | 4 | 0 | 1 | 40 | 65 | 94.00 | 0 | 2 | 8.29 | 20.00 |
| Literature - European | 0 | 3 | 0 | 0 | 30 | 60 | 74.00 | 1 | 3 | 9.66 | 27.32 |
| Science - Physics | 0 | 2 | 0 | 1 | 20 | 54 | 83.50 | 0 | 1 | 4.81 | 8.75 |
| History - European | 0 | 2 | 0 | 1 | 20 | 33 | 65.00 | 0 | 1 | 3.64 | 5.26 |
| Literature - British | 0 | 2 | 0 | 0 | 20 | 29 | 72.00 | 0 | 2 | 5.36 | 10.83 |
| Current Events | 0 | 2 | 0 | 2 | 20 | 94 | 103.50 | 0 | 0 | 4.90 | 13.84 |
| Popular Culture | 0 | 1 | 0 | 0 | 10 | 44 | 44.00 | 0 | 1 | 12.28 | 12.50 |
| Fine Arts - Other | 0 | 1 | 0 | 0 | 10 | 86 | 86.00 | 1 | 1 | 1.65 | 10.00 |
| Philosophy | 0 | 1 | 0 | 1 | 10 | 99 | 99.00 | 0 | 0 | 0.00 | 3.13 |
| History - World | 0 | 1 | 0 | 0 | 10 | 62 | 62.00 | 1 | 1 | 4.41 | 8.75 |
| Fine Arts - Painting and Sculpture | 0 | 1 | 0 | 0 | 10 | 98 | 98.00 | 0 | 0 | 1.62 | 6.25 |
| Religion | 0 | 1 | 0 | 1 | 10 | 99 | 99.00 | 1 | 1 | 1.32 | 10.00 |
| Science - Other | 0 | 0 | 1 | 0 | -5 | 0.00 | 0 | 0 | 0.00 | 0.00 |